[Event "Armenia Quindio op"]
[Site "Armenia"]
[Date "2024.04.06"]
[Round "1"]
[White "Soto Ramirez, Andres Camilo"]
[Black "Hernandez Arias, Samuel"]
[Result "1-0"]
[WhiteElo "1777"]
[BlackElo "1551"]
[PlyCount "75"]
[EventDate "2024.04.06"]
[EventType "swiss"]
[EventRounds "6"]
[EventCountry "COL"]
[SourceTitle "CB16_2024"]
[SourceDate "2024.04.17"]
[SourceVersion "1"]
[SourceVersionDate "2024.04.17"]
[SourceQuality "1"]

1. e4 c5 2. Nf3 Nc6 3. d4 cxd4 4. Nxd4 e5 5. Nb5 a6 6. Nd6+ Bxd6 7. Qxd6 Qf6 8. Qd1 Nge7 9. Nc3 0-0 10. Bc4 d6 11. Be3 Be6 12. Bxe6 fxe6 13. Qxd6 Rad8 14. Qc5 Nd4 15. 0-0-0 Nec6 16. Rd2 Nb5 17. Nxb5 Rxd2 18. Bxd2 axb5 19. Be3 b4 20. Rd1 Qf7 21. Qd6 h6 22. Qd7 Rb8 23. Qxf7+ Kxf7 24. Rd7+ Kf6 25. Bc5 b6 26. Bd6 Rd8 27. Rxd8 Nxd8 28. Bxb4 b5 29. b3 Nc6 30. Bc5 g5 31. Kd2 Kf7 32. a4 bxa4 33. bxa4 Ke8 34. Kc3 Kd7 35. Kc4 Kc7 36. Kb5 Kb7 37. a5 Nxa5 38. Kxa5 1-0

[Event "ARG-ch U18"]
[Site "Ibague"]
[Date "2024.03.15"]
[Round "2"]
[White "Cabrales Almanza, Josue Ricardo"]
[Black "Soto Ramirez, Andres Camilo"]
[Result "0-1"]
[WhiteElo "1888"]
[BlackElo "1732"]
[PlyCount "128"]
[EventDate "2024.03.14"]
[EventType "swiss"]
[EventRounds "7"]
[EventCountry "COL"]
[SourceTitle "CB12_2024"]
[SourceDate "2023.10.01"]
[SourceVersion "1"]
[SourceVersionDate "2023.10.01"]
[SourceQuality "1"]

1. d4 Nf6 2. Bf4 g6 3. Nc3 d5 4. e3 Bg7 5. h4 c5 6. Nb5 Na6 7. c3 0-0 8. h5 cxd4 9. exd4 Nxh5 10. Rxh5 gxh5 11. Qxh5 Qb6 12. Bd3 h6 13. Nf3 Qe6+ 14. Kd2 Qg4 15. Qh2 Bf5 16. Be2 Qg6 17. Nh4 Qe6 18. Nxf5 Qxf5 19. Bd3 Qf6 20. g4 Rfe8 21. Re1 Rac8 22. Re5 Rc6 23. g5 hxg5 24. Bxg5 Qf3 25. Be2 Bxe5 26. dxe5 Qf5 27. f4 Nc5 28. Nd4 Ne4+ 29. Ke3 Qg6 30. Bh5 Qh7 31. Nxc6 Nxg5 32. fxg5 Qe4+ 33. Kd2 bxc6 34. Be2 Rb8 35. b3 Qh7 36. Qg3 e6 37. Bd3 Qg7 38. Ke3 c5 39. Kf4 c4 40. Bc2 cxb3 41. axb3 a5 42. Qe3 Rc8 43. Qd3 a4 44. c4 a3 45. Bb1 dxc4 46. bxc4 Qg6 47. Qb3 Qh5 48. Be4 Qh4+ 49. Ke3 Qg3+ 50. Bf3 Qxe5+ 51. Be4 Qxg5+ 52. Kf3 f5 53. Bb7 Qg4+ 54. Kf2 Rxc4 55. Bf3 Qh4+ 56. Kg2 Qg5+ 57. Kf2 Qd2+ 58. Kg3 Qe1+ 59. Kg2 Qb4 60. Qe3 Rc2+ 61. Kh3 Qe7 62. Bh5 Qf6 63. Qg1+ Qg7 64. Qh1 Qg2+ 0-1

[Event "Pereira Gildardo Garcia Memorial-B"]
[Site "Pereira"]
[Date "2022.05.21"]
[Round "7"]
[White "Calderon Guerra, Odalys Lisbeth"]
[Black "Soto Ramirez, Andres Camilo"]
[Result "1-0"]
[WhiteElo "1247"]
[BlackElo "1456"]
[PlyCount "137"]
[EventDate "2022.05.18"]
[EventType "swiss"]
[EventRounds "9"]
[EventCountry "COL"]
[SourceTitle "CBM 208 Extra"]
[Source "ChessBase"]
[SourceDate "2022.07.31"]
[SourceVersion "1"]
[SourceVersionDate "2022.07.31"]
[SourceQuality "1"]

1. d4 Nf6 2. Nf3 g6 3. Bf4 d5 4. e3 Bg7 5. Bd3 0-0 6. c3 Nbd7 7. Nbd2 Re8 8. 0-0 c5 9. Re1 Nh5 10. Bg3 Nxg3 11. hxg3 cxd4 12. exd4 Nb6 13. Qe2 Qc7 14. c4 dxc4 15. Nxc4 Nxc4 16. Bxc4 Bg4 17. Bxf7+ Kxf7 18. Ng5+ Kg8 19. Qxg4 Qd6 20. Qe6+ Qxe6 21. Nxe6 Rac8 22. Nxg7 Kxg7 23. Rac1 Kf6 24. f3 e6 25. Kf2 Ke7 26. Ke3 Kd6 27. Kd3 Rc6 28. Rc3 Rb6 29. b3 Rd8 30. g4 Rc6 31. Rxc6+ bxc6 32. Kc4 Rb8 33. Re5 a6 34. f4 Rf8 35. g3 Rb8 36. f5 gxf5 37. gxf5 exf5 38. Rxf5 Kc7 39. Rf7+ Kb6 40. Rxh7 Rg8 41. Rh3 Rg4 42. a3 Kc7 43. b4 Kb6 44. a4 Rg5 45. a5+ Kc7 46. Rh7+ Kb8 47. g4 Rxg4 48. Kc5 Rf4 49. Rd7 Rf6 50. Rd6 Rf5+ 51. Kxc6 Rb5 52. Kd7 Ka7 53. Rb6 Rd5+ 54. Rd6 Rb5 55. Kc6 Rxb4 56. Rd7+ Kb8 57. d5 Rb1 58. d6 Rd1 59. Rb7+ Ka8 60. Rc7 Kb8 61. Kd7 Rd2 62. Rc6 Kb7 63. Rb6+ Ka8 64. Kc7 Ka7 65. d7 Rd3 66. Rc6 Rb3 67. d8Q Rb2 68. Qd4+ Ka8 69. Rxa6# 1-0

[Event "COL-ch U1700"]
[Site "Pereira"]
[Date "2022.02.18"]
[Round "5"]
[White "Puerta Rendon, Jacobo"]
[Black "Soto Ramirez, Andres Camilo"]
[Result "0-1"]
[WhiteElo "1647"]
[BlackElo "1413"]
[PlyCount "63"]
[EventDate "2022.02.16"]
[EventType "swiss"]
[EventRounds "9"]
[EventCountry "COL"]
[SourceTitle "CBM 207 Extra"]
[Source "ChessBase"]
[SourceDate "2022.05.31"]
[SourceVersion "1"]
[SourceVersionDate "2022.05.31"]
[SourceQuality "1"]

1. e4 e5 2. Nf3 Nc6 3. Bc4 Nf6 4. Ng5 d5 5. exd5 b5 6. Bb3 Nd4 7. d6 Nxb3 8. axb3 Bxd6 9. Nc3 a6 10. Nxb5 Bb7 11. Nxd6+ Qxd6 12. f3 0-0 13. 0-0 Qc6 14. d3 Rad8 15. Qe2 Rfe8 16. Nh3 Nd5 17. Bg5 f6 18. Bh4 Nf4 19. Nxf4 exf4 20. Qd2 g5 21. Bf2 Re7 22. Rfe1 Rg7 23. Qc3 Qxc3 24. bxc3 g4 25. fxg4 Rxg4 26. g3 h5 27. h3 Rg5 28. Kh2 fxg3+ 29. Bxg3 h4 30. Rg1 hxg3+ 31. Rxg3 Rxg3 32. Kxg3 0-1

[Event "Tolima Deportivo op"]
[Site "Tolima"]
[Date "2021.11.14"]
[Round "4"]
[White "Medina Barrios, Lina Maria"]
[Black "Soto Ramirez, Andres Camilo"]
[Result "0-1"]
[WhiteElo "1499"]
[BlackElo "1435"]
[PlyCount "44"]
[EventDate "2021.11.12"]
[EventType "swiss"]
[EventRounds "7"]
[EventCountry "COL"]
[SourceTitle "CBM 205 Extra"]
[Source "ChessBase"]
[SourceDate "2022.01.31"]
[SourceVersion "1"]
[SourceVersionDate "2022.01.31"]
[SourceQuality "1"]

1. e4 e5 2. Nf3 Nc6 3. Bc4 Nf6 4. d3 Bc5 5. c3 d6 6. Bb3 Bd7 7. Nbd2 Qe7 8. 0-0 h5 9. Bc2 Nh7 10. b4 Bb6 11. Nc4 g5 12. Nxb6 axb6 13. d4 g4 14. Ne1 h4 15. dxe5 dxe5 16. g3 Ng5 17. Bxg5 Qxg5 18. Bb3 0-0-0 19. a4 hxg3 20. fxg3 Qe3+ 21. Rf2 Rxh2 22. Raa2 Rdh8 0-1

[Event "Tolima Deportivo op"]
[Site "Tolima"]
[Date "2021.11.14"]
[Round "5"]
[White "Soto Ramirez, Andres Camilo"]
[Black "Quinonez Lara, Maria Constanza"]
[Result "1-0"]
[WhiteElo "1435"]
[BlackElo "1791"]
[PlyCount "76"]
[EventDate "2021.11.12"]
[EventType "swiss"]
[EventRounds "7"]
[EventCountry "COL"]
[SourceTitle "CBM 205 Extra"]
[Source "ChessBase"]
[SourceDate "2022.01.31"]
[SourceVersion "1"]
[SourceVersionDate "2022.01.31"]
[SourceQuality "1"]

1. e4 c5 2. Nf3 d6 3. d4 cxd4 4. Nxd4 Nf6 5. Nc3 a6 6. f3 e6 7. Be3 Qc7 8. Qd2 Nbd7 9. Be2 b5 10. b4 Bb7 11. a3 Rc8 12. Nd1 e5 13. Nf5 g6 14. Ng3 Qxc2 15. Qxc2 Rxc2 16. a4 d5 17. exd5 Bxb4+ 18. Kf1 Nxd5 19. axb5 a5 20. Bf2 0-0 21. Be1 Bxe1 22. Kxe1 Ra8 23. Ne4 Nf4 24. Bf1 Bxe4 25. Ne3 Rc5 26. fxe4 Nf6 27. g3 Ne6 28. Bd3 Nd4 29. b6 Nb3 30. Rb1 Rc1+ 31. Rxc1 Nxc1 32. Bc4 a4 33. Rf1 Kg7 34. Nd5 Nxe4 35. Nc7 Rf8 36. Ne6+ fxe6 37. Rxf8 Nd6 38. Rc8 Nb3 1-0

[Event "Ibague op"]
[Site "Ibague"]
[Date "2021.10.24"]
[Round "9"]
[White "Triana Castro, Francisco Javier"]
[Black "Soto Ramirez, Andres Camilo"]
[Result "0-1"]
[WhiteElo "1679"]
[BlackElo "1305"]
[PlyCount "77"]
[EventDate "2021.10.20"]
[EventType "swiss"]
[EventRounds "9"]
[EventCountry "COL"]
[SourceTitle "CBM 204 Extra"]
[Source "ChessBase"]
[SourceDate "2021.11.30"]
[SourceVersion "1"]
[SourceVersionDate "2021.11.30"]
[SourceQuality "1"]

1. c4 e5 2. g3 g6 3. Bg2 Bg7 4. Nc3 Nc6 5. a3 d6 6. b4 f5 7. e3 Be6 8. d3 e4 9. Bb2 exd3 10. Qxd3 Ne5 11. Qc2 Bxc4 12. 0-0-0 c6 13. Nge2 Ne7 14. Nd4 0-0 15. h4 Ng4 16. Na4 Bf7 17. h5 Bd5 18. Bxd5+ cxd5 19. hxg6 Nxg6 20. Kb1 Qd7 21. Nc3 Rac8 22. Qe2 Ne7 23. Rh5 Nf6 24. Rh4 Ne4 25. Nxe4 fxe4 26. Rdh1 h6 27. f4 exf3 28. Nxf3 Nf5 29. R4h3 Bxb2 30. Kxb2 Qg7+ 31. Kb1 Qc3 32. Qb2 Qxb2+ 33. Kxb2 Nxe3 34. Nd4 Nc4+ 35. Kb3 Rf6 36. Rxh6 Rxh6 37. Rxh6 Rf8 38. g4 a6 39. g5 0-1

[Event "Pereira Risaraldense Cup-C"]
[Site "Pereira"]
[Date "2021.01.24"]
[Round "9"]
[White "Soto Ramirez, Andres Camilo"]
[Black "Gonzalez, Luis Enrique"]
[Result "1-0"]
[WhiteElo "1195"]
[BlackElo "1872"]
[PlyCount "73"]
[EventDate "2021.01.20"]
[EventType "tourn"]
[EventRounds "9"]
[EventCountry "COL"]
[SourceTitle "CBM 200 Extra"]
[Source "ChessBase"]
[SourceDate "2021.03.31"]
[SourceVersion "1"]
[SourceVersionDate "2021.03.31"]
[SourceQuality "1"]

1. e4 c6 2. Nc3 d5 3. Nf3 dxe4 4. Nxe4 Bg4 5. h3 Bh5 6. Ng3 Bg6 7. h4 Nf6 8. Bc4 e6 9. Ne5 Nbd7 10. Nxg6 hxg6 11. d4 Bd6 12. Bg5 Qc7 13. Qf3 Bxg3 14. Qxg3 Qxg3 15. fxg3 Ne4 16. Rh3 Nb6 17. Bd3 Nxg5 18. hxg5 0-0-0 19. c3 Rxh3 20. gxh3 e5 21. 0-0-0 exd4 22. cxd4 Kc7 23. Bc2 Kd6 24. Bb3 Nd5 25. Re1 Rd7 26. h4 Re7 27. Rxe7 Kxe7 28. Bxd5 cxd5 29. Kd2 Ke6 30. Ke3 f6 31. Kf4 Kf7 32. g4 Ke6 33. h5 Kf7 34. gxf6 gxh5 35. fxg7 hxg4 36. Kxg4 Kxg7 37. Kf5 1-0

[Event "Pereira Risaraldense Cup-C"]
[Site "Pereira"]
[Date "2021.01.21"]
[Round "3"]
[White "Rodriguez Valencia, Sebastian"]
[Black "Soto Ramirez, Andres Camilo"]
[Result "1-0"]
[WhiteElo "1771"]
[BlackElo "1195"]
[PlyCount "75"]
[EventDate "2021.01.20"]
[EventType "tourn"]
[EventRounds "9"]
[EventCountry "COL"]
[SourceTitle "CBM 200 Extra"]
[Source "ChessBase"]
[SourceDate "2021.03.31"]
[SourceVersion "1"]
[SourceVersionDate "2021.03.31"]
[SourceQuality "1"]

1. d4 d5 2. c4 e6 3. Nc3 Nf6 4. Bg5 Be7 5. Nf3 0-0 6. e3 b6 7. Bd3 Bb7 8. Rc1 Nbd7 9. 0-0 Rc8 10. Re1 c5 11. cxd5 Nxd5 12. Bxe7 Nxc3 13. bxc3 Qxe7 14. c4 Rfd8 15. Qe2 Qd6 16. Red1 Qc6 17. d5 exd5 18. cxd5 Qxd5 19. Bxh7+ Kxh7 20. Rxd5 Bxd5 21. Qd3+ Kg8 22. Qxd5 Nf6 23. Qb7 c4 24. Ne5 c3 25. Qxf7+ Kh7 26. Qg6+ Kg8 27. g3 Rd2 28. Ng4 Nxg4 29. Qe6+ Kh7 30. Qxc8 Nxf2 31. Qf5+ Kh6 32. Rxc3 Ne4 33. Qxe4 Rd1+ 34. Kg2 Rd2+ 35. Kf3 Rd7 36. Rc6+ Kh5 37. Qf5+ g5 38. Qg4# 1-0

[Event "Online Face to Face U14 II"]
[Site "www.grandesmaestros.club"]
[Date "2020.07.05"]
[Round "5.2"]
[White "Borre Meza, Orlando David"]
[Black "Soto Ramirez, Andres Camilo"]
[Result "1-0"]
[WhiteElo "1279"]
[BlackElo "1195"]
[PlyCount "49"]
[EventDate "2020.07.05"]
[EventType "tourn (rapid)"]
[EventRounds "5"]
[EventCountry "COL"]
[SourceTitle "EXT 2024"]
[Source "ChessBase"]
[SourceDate "2023.10.10"]
[SourceVersion "1"]
[SourceVersionDate "2023.10.10"]
[SourceQuality "1"]

1. d4 d5 2. c4 e6 3. Nc3 Nf6 4. cxd5 Nxd5 5. e4 Nxc3 6. bxc3 b6 7. Nf3 Bb7 8. Bd3 Nd7 9. 0-0 c5 10. Be3 Qc7 11. Rc1 Be7 12. Bb5 Bxe4 13. Ne5 Rd8 14. Nxd7 Rxd7 15. Bxd7+ Qxd7 16. dxc5 Qxd1 17. Rfxd1 Bxc5 18. Bxc5 bxc5 19. Rd2 Bd5 20. Rcd1 0-0 21. h3 Rb8 22. c4 Rd8 23. cxd5 exd5 24. Rxd5 Rxd5 25. Rxd5 1-0

[Event "Online Face to Face U14 II"]
[Site "www.grandesmaestros.club"]
[Date "2020.07.05"]
[Round "4.4"]
[White "Villamil Moreno, Daniel Esteban"]
[Black "Soto Ramirez, Andres Camilo"]
[Result "0-1"]
[WhiteElo "1268"]
[BlackElo "1195"]
[PlyCount "64"]
[EventDate "2020.07.05"]
[EventType "tourn (rapid)"]
[EventRounds "5"]
[EventCountry "COL"]
[SourceTitle "EXT 2024"]
[Source "ChessBase"]
[SourceDate "2023.10.10"]
[SourceVersion "1"]
[SourceVersionDate "2023.10.10"]
[SourceQuality "1"]

1. d4 d5 2. c4 e6 3. g3 Nf6 4. Bg2 Bb4+ 5. Bd2 Bxd2+ 6. Qxd2 0-0 7. Nf3 Nbd7 8. Nc3 c6 9. 0-0 b6 10. Rfe1 dxc4 11. Rac1 c5 12. e3 cxd4 13. exd4 Ba6 14. Ne5 Nxe5 15. Bxa8 Nd3 16. Bg2 Nxe1 17. Rxe1 Re8 18. Bc6 Re7 19. Bg2 Bb7 20. Bxb7 Rxb7 21. Ne4 Nxe4 22. Rxe4 Rd7 23. Qc3 b5 24. a3 a6 25. Kg2 Qa8 26. Qe3 f5 27. Kf1 Qxe4 28. Qd2 Rxd4 29. Qe1 Qh1+ 30. Ke2 Re4+ 31. Kd2 Qxe1+ 32. Kc2 Re2# 0-1